| Поле | Инд. | ПП | Название | Значение |
|---|---|---|---|---|
| Тип записи | a | |||
| Библиографический уровень | b | |||
| 001 | Контрольный номер | RU/IS/BASE/102771994 | ||
| 005 | Дата корректировки | 20200522190755.7 | ||
| 084 | a | Индекс другой классификации/Индекс ББК | 60.543.132.1(2Рос)-2 | |
| a | Индекс другой классификации/Индекс ББК | 60.521.8(2Рос) | ||
| a | Индекс другой классификации/Индекс ББК | 60.028.13 | ||
| 100 | 1_ | a | Автор | Кара-Мурза С. Г. |
| 245 | a | Заглавие | Интеллигенция в перестройке: отход от норм рационального мышления. Гипостазирование | |
| 504 | a | Библиография | Библиогр. ссылки. - Примеч. | |
| 650 | a | Основная рубрика | социальная философия | |
| a | Основная рубрика | социология | ||
| a | Основная рубрика | социология групп | ||
| a | Основная рубрика | философия | ||
| 653 | a | Ключевые слова | гипостазирование | |
| a | Ключевые слова | интеллигенция | ||
| a | Ключевые слова | массовое сознание | ||
| a | Ключевые слова | общественное сознание | ||
| a | Ключевые слова | общество | ||
| a | Ключевые слова | перестройка | ||
| a | Ключевые слова | российское общество | ||
| a | Ключевые слова | Россия | ||
| a | Ключевые слова | социально-политические реформы | ||
| a | Ключевые слова | социально-экономические реформы | ||
| a | Ключевые слова | экономическая социология | ||
| 773 | t | Заглавие источника | Социально-гуманитарные знания | |
| d | Дата издания источника | 2003 | ||
| g | Прочая информация | № 1. - С. 129 - 146 | ||
| w | Контрольный № источника | RU/IS/BASE/101491030 | ||
| 901 | t | Тип документа | b |